• 首页
  • 本馆介绍
  • 公告通知
  • 最新文献
  • 馆藏检索
  • 电子资源
  • 读者导购
  • 参考咨询
  • 我的图书馆
  • 登录
  • 详细信息显示
  • 放入我的书架
  • 预约/预借图书
  • 作者相关作品
  • 分类相关作品
  • 丛书相关作品
  • 出版社相关作品

书目信息

  • 表格格式
  • 工作单格式
  • 卡片格式
题名:
淘宝天猫数码产品网店运营秘笈
    
 
作者: ;恒盛杰电商资讯 编著
分册:  
出版信息: 北京   机械工业出版社  2016
页数: 200页
开本: 24cm
丛书名:
单 册:
中图分类: F764.6
科图分类:
主题词: 数码技术--电子产品--网络营销--教材
电子资源:
ISBN: 978-7-111-53749-6
000 00909nam0 2200241 450
001 351939
005 20161017110347.22
010    @a978-7-111-53749-6@dCNY49.00
100    @a20160628d2016 em y0chiy50 ea
101 0  @achi
102    @aCN@b110000
105    @aa z 000yy
106    @ar
200 1  @a淘宝天猫数码产品网店运营秘笈@eSEO·直通车·数据化精准营销·爆款打造学习教程@f恒盛杰电商资讯编著
210    @a北京@c机械工业出版社@d2016
215    @a200页@c图@d24cm
330    @a本书分10章讲解了市场分析、商品和店铺定位、SEO引流策略、视觉营销、流量和转化率提升、直通车推广、运营细节优化、客户服务、爆款打造等内容,能够有效地帮助数码商品卖家找到店铺运营的制胜点。
517 1  @aSEO·直通车·数据化精准营销·爆款打造学习教程
606 0  @a数码技术@x电子产品@x网络营销@j教材
690    @aF764.6@v5
711 02 @a恒盛杰电商资讯@4编著
801  0 @aCN@bTANGWEI@c20161010
905    @b0897275-9@dF764.6@e51@f5
    
    淘宝天猫数码产品网店运营秘笈:SEO·直通车·数据化精准营销·爆款打造学习教程/恒盛杰电商资讯编著.-北京:机械工业出版社,2016
    200页:图;24cm
    
    
    ISBN 978-7-111-53749-6:CNY49.00
    本书分10章讲解了市场分析、商品和店铺定位、SEO引流策略、视觉营销、流量和转化率提升、直通车推广、运营细节优化、客户服务、爆款打造等内容,能够有效地帮助数码商品卖家找到店铺运营的制胜点。
●
相关链接 在E读中查询图书 在五车中查询图书 在当当中查询图书 在豆瓣中查询图书


正题名:淘宝天猫数码产品网店运营秘笈     索取号:F764.6/51         预约/预借

序号 登录号 条形码 馆藏地/架位号 状态 备注
1 0897275   208972753   第一样本阅览室/ [索取号:F764.6/51] 在馆    
2 0897276   208972762   第一借阅区/ [索取号:F764.6/51] 在馆    
3 0897277   208972771   第一借阅区/ [索取号:F764.6/51] 在馆    
4 0897278   208972780   第一借阅区/ [索取号:F764.6/51] 在馆    
5 0897279   208972799   密集书库-海洋学院/ [索取号:F764.6/51] 在馆    
唐山师范学院图书馆 欢迎您!
大连网信软件有限公司© 版权所有